000
00215 a2200097 4500
001
27687
100
_a
Ahmed, H
245
_a
Electronics for engineers
260
_a
_b
Cambridge University
_c
090
_c
18460
_d
18460
942
_a
NUST-CAE
_c
M
_c
9403
999
_c
262760
_d
262760